Food Policy for the people/

Gardado en:
Detalles Bibliográficos
Autor Principal: Schiavoni, Christina
Formato: Libro
Idioma:English
Etiquetas: Engadir etiqueta
Sen Etiquetas, Sexa o primeiro en etiquetar este rexistro!

MARC

LEADER 00000nam a22000007a 4500
003 cru CIDCACS/IIS
005 20171208062527.0
007 ta
008 171207s2014 ne |||p|r|||| 00| 0 eng d
999 |c 40711  |d 40711 
040 |c cru CIDCACS/IIS 
100 1 |9 6205  |a Schiavoni, Christina 
245 1 |a Food Policy for the people/  |c Christina Schiavoni 
300 |a páginas 7-8 
773 0 |0 18173  |9 1676  |a International Institute of Social Studies   |d Netherlands : International Institute of Social Studies   |o 18288  |t Development Issues /  |w ()46221 
942 |2 ddc  |c PP